| 000 | 00346nam a2200109Ia 4500 | ||
|---|---|---|---|
| 008 | 171204s9999 xx 000 0 und d | ||
| 245 | 4 | _aThe Wiley Handbook of Positive Clinical Psychology: | |
| 245 | _cAlex M. Wood and Judith Johnson | ||
| 260 | _c2016 | ||
| 650 | _xCLINICAL PSYCHOLOGY | ||
| 856 | _uhttp://down.ebook777.com/040/9781118468241.pdf | ||
| 999 |
_c346414 _d346414 |
||